000 00302nam a22000977a 4500
008 150623b xxu||||| |||| 00| 0 eng d
010 _8HCCRSARF:008
245 _aHIGH COURT CRIMINAL SESSION NO.564 OF 1970 Uganda Vs Lokadi Laku
260 _aHigh Court Kampala
500 _3BEFORE: Hon. Mr. Justice S. Musoke
999 _c6612
_d6612